Statistics for State Capitals Closest to New Orleans

Click here to take the quiz!

General Stats

  • This quiz has been taken 49 times
  • The average score is 9 of 10

Answer Stats

DistanceState Capital% Correct
458.5Austin
100%
424.5Atlanta
96%
355.5Little Rock
96%
74.9Baton Rouge
92%
162.6Jackson
92%
576.6Oklahoma City
92%
347.7Tallahassee
92%
279.1Montgomery
88%
469.7Nashville
88%
599.3Columbia
65%

Score Distribution

Percentile by Number Answered

Percent of People with Each Score

Your Score History

You have not taken this quiz